| 000 | 00505cam a2200193ua 4500 | ||
|---|---|---|---|
| 020 | _c12.60 | ||
| 041 |
_aeng _h |
||
| 082 |
_a621.3 _bBUC/EL |
||
| 100 | _aBuckingham, H . | ||
| 245 |
_aElectro-technology: For national certificate courses, Vol 2 / _cH Buckingham. _hTextual Documents |
||
| 250 |
_a1 / _b. |
||
| 260 |
_aLondon : _bEnglish Universities Press , _c1962. |
||
| 300 | _a298 ; . | ||
| 365 | _a12.60 | ||
| 504 | _a | ||
| 700 | 1 | _aPrice, E.M. | |
| 942 | _cBK | ||
| 999 |
_c7139 _d7139 |
||